000 01033nam a2200265Ia 4500
003 OSt
005 20221005104228.0
006 a|||||r|||| 00| 0
007 ta
008 221004b |||||||| |||| 00| 0 hin d
020 _a9788171104970 (hbk)
_c400
024 _a21966
037 _b422/1, 20/03/2015, Vidyanidhi Prakashan
_cTextual
040 _aCRL
_cCRL
_bhin
041 _2hin
_ahin
082 _aO15,1:g(N), 152Q5
100 _aशर्मा, शैलेन्द्र कुमार
245 0 _aचित्रकाव्य की चित्रात्मकता
246 _aChitrakāvya kī chitrātmakatā
260 _aदिल्ली
_bपरिमल पब्लिकेशन्स भारत
_c2015
300 _a281पृ0
_ccm.
650 _aहिन्दी साहित्य
942 _hO15,1:g(N), 152Q5
_cTEXL
_2cc
999 _c1012078
_d1012078